000 00690nam a2200217 a 4500
005 20260415064211.0
008 030609s1996 mx r 000 0 spa d
020 _a8449307298
035 _aUPN01000125248
049 _aCG
050 4 _aLB3060.3
_bE9.2
245 0 0 _aEvaluación constructivista /
_ccomp. Greg J. Neimeyer ; trad. Angela Aparicio.
260 _aBarcelona, Esp. :
_bPaidós,
_c1996.
300 _a220 p.
440 0 _aEvaluacion psicologica ;
_v64
534 _pTitulo original:
_tConstructivist Assessment : A Casebook
650 4 _aEvaluación educativa
_94298
650 2 _aConstructivismo (Educación)
_91516
700 1 _aNeimeyer Greg J.,
_ecomp.
905 _aLibro
999 _c97427
_d97427